[Event "MCR mladeze 2019 - D16"]
[Site "Kouty nad Desnou"]
[Date "2019.03.14"]
[Round "7"]
[White "Otrubova, Kristyna"]
[Black "Huskova, Agata"]
[Result "1-0"]
[WhiteElo "1680"]
[BlackElo "1406"]
[EventDate "2019.03.09"]

1. d4  Nf6  2. c4  d6
3. Nf3  Bg4  4. Nc3
c6  5. e4  Qc7
6. Be2  e5  7. O-O  Be7
8. Be3  O-O  9. d5
Nbd7  10. dxc6  bxc6
11. b4  d5  12. cxd5
Bxb4  13. Rc1  cxd5
14. Nxd5  Qd6  15. Nh4
Bxe2  16. Qxe2  Nxd5
17. Rfd1  N7f6  18. exd5
Rfd8  19. Rc6  Qe7
20. Nf5  Qe8  21. Rxf6
Qf8  22. Nh6+  gxh6
23. Bxh6  1-0

[Event "MCR mladeze 2019 - D16"]
[Site "Kouty nad Desnou"]
[Date "2019.03.14"]
[Round "7"]
[White "Jankovska, Hana"]
[Black "Vavrinkova, Anna"]
[Result "1-0"]
[WhiteElo "1164"]
[BlackElo "1543"]
[EventDate "2019.03.09"]

1. e4  c5  2. Nc3  Nc6
3. f4  g6  4. Nf3
Bg7  5. g3  e6
6. Bg2  Nge7  7. O-O  O-O
8. d3  d5  9. Bd2
Qb6  10. Rb1  Bd7
11. a3  Rac8  12. Qe1
Rfe8  13. Kh1  a6
14. Qf2  Qa7  15. Ne2
b6  16. c3  Na5
17. b4  Nb7  18. e5  Rf8
19. Rbc1  f6  20. d4
a5  21. Be3  cxb4
22. axb4  axb4  23. cxb4
Qa4  24. Bd2  Rc4
25. Nc3  Qc6  26. Rfe1
Qc8  27. Bf1  Rc6
28. b5  Rc7  29. Na4
Qd8  30. Bb4  Re8
31. g4  Nc8  32. g5
f5  33. Rc2  Na7
34. Nc3  Rc8  35. Ra1
Ra8  36. h4  h6
37. Rca2  Na5  38. Bxa5  bxa5
39. Rxa5  Qc7  40. Qb2
Reb8  41. Ra6  Qb7
42. b6  Nc6  43. Rxa8
Rxa8  44. Rxa8+  Qxa8
45. Nb5  Qb7  46. Nd6
Qb8  47. b7  h5
48. Qb6  Na7  49. Bb5  Nxb5
50. Nxb5  Bxb5  51. Qxe6+
Kh7  52. Qc8  Qa7
53. b8=Q  Qa1+  54. Kg2
Qf1+  55. Kg3  1-0

[Event "MCR mladeze 2019 - D16"]
[Site "Kouty nad Desnou"]
[Date "2019.03.14"]
[Round "7"]
[White "Steinova, Kamila"]
[Black "Vsetulova, Viktorie"]
[Result "0-1"]
[WhiteElo "1378"]
[BlackElo "1306"]
[EventDate "2019.03.09"]

1. e4  e5  2. Nf3  Nc6
3. Nc3  Nf6  4. d3
d5  5. Bg5  d4
6. Nd5  Be6  7. Nxf6+  gxf6
8. Bd2  Qd7  9. c3
O-O-O  10. Qa4  h5
11. b4  dxc3  12. Bxc3
Nxb4  13. Qxa7  Nxd3+
14. Bxd3  Qxd3  15. Qa8+
Kd7  16. Qxd8+  Kxd8
17. Rd1  Qxd1+  18. Kxd1
Bxa2  19. Kc2  Bd6
20. Ra1  Rg8  21. Rxa2
Rxg2  22. Kd3  b5
23. Be1  c5  24. Ra8+
Kd7  25. Rh8  c4+
26. Kc3  Bc5  27. Rxh5
Bxf2  28. Bxf2  Rxf2
29. Rh3  Kd6  30. Ne1
Kc5  31. Nc2  Rf4
32. Re3  Rh4  33. Re2
b4+  34. Kb2  b3
35. Ne1  Kb4  36. Nf3
Rh3  37. Rf2  c3+
38. Kb1  Rh8  39. Ne1
Ra8  40. Rxf6  b2
41. Nd3+  Kc4  42. Nxb2+
cxb2  43. Kxb2  Rh8
44. Rxf7  Rxh2+  45. Kc1
Kd4  46. Kd1  Kxe4
47. Rf8  Kd3  48. Rd8+
Ke3  49. Ra8  e4
50. Ra3+  Kf4  51. Ra4
Kf3  52. Ra8  Rh1+
53. Kd2  e3+  54. Kd3
Rd1+  55. Kc2  e2
56. Rf8+  Kg4  0-1

[Event "MCR mladeze 2019 - D16"]
[Site "Kouty nad Desnou"]
[Date "2019.03.14"]
[Round "7"]
[White "Souckova, Viktorie"]
[Black "Otahalova, Nela"]
[Result "0-1"]
[WhiteElo "1159"]
[BlackElo "1343"]
[EventDate "2019.03.09"]

1. e4  b6  2. d4  Bb7
3. Nc3  e6  4. d5
Bb4  5. Qd4  Bxc3+
6. Qxc3  Nf6  7. Bg5
h6  8. Bh4  g5
9. Bg3  Rg8  10. Bxc7  Nxe4
11. Bxd8  Nxc3  12. dxe6
dxe6  13. Bf6  Nd5
14. Bb5+  Bc6  15. Bxc6+
Nxc6  16. Bc3  Nxc3
17. bxc3  Ke7  18. Ne2
Rgd8  19. O-O  Rd2
20. Nd4  Nxd4  21. cxd4
Rxd4  22. a4  Rc8
23. Ra2  Rd2  24. Rc1
Rc4  25. g3  a5
26. Kf1  Re4  27. Re1  Rc4
28. Rc1  Rc5  29. Ke1
Rd4  30. c3  Re5+
31. Kf1  Rc4  32. Ra3
h5  33. Rb1  Ree4
34. f3  Re3  35. Rxb6
Rxf3+  36. Kg2  Rf5
37. Rb5  Rfc5  38. Kh3
Kf6  39. Rab3  Rxb5
40. axb5  a4  41. Ra3
Rc5  42. Rxa4  Rxb5
43. Ra2  Rc5  44. Rc2
Ke5  45. Re2+  Kd5
46. Re3  Kc4  47. Rf3
g4+  0-1

[Event "MCR mladeze 2019 - H10"]
[Site "Kouty nad Desnou"]
[Date "2019.03.14"]
[Round "7"]
[White "Veverka, Vladimir"]
[Black "Zemek, Antonin"]
[Result "0-1"]
[WhiteElo "1347"]
[BlackElo "1177"]
[EventDate "2019.03.09"]

1. d4  d5  2. c4  Bf5
3. Nc3  e6  4. Qb3
Nc6  5. cxd5  exd5
6. Qxd5  Nxd4  7. e4
Qxd5  8. Nxd5  O-O-O
9. Bd3  Rxd5  10. exf5
Nxf5  11. Bxf5+  Rxf5
12. Bd2  Nf6  13. Nf3
Bc5  14. O-O  Ne4
15. Rac1  Bb6  16. Bc3
Nxc3  17. Rxc3  Re8
18. Rd1  c6  19. Rc2
g5  20. Kf1  h6
21. h3  Rd8  22. Rcd2  Rfd5
23. Rxd5  Rxd5  24. Rxd5
cxd5  25. Ne5  f6
26. Ng4  Bd4  27. Nxh6
Bxb2  28. Nf5  Kd7
29. Ke2  Ke6  30. Ng3
Ke5  31. Kd3  Bd4
32. f3  b5  33. Ne2
Bf2  34. Nc1  a5
35. Ne2  b4  36. Nc1
a4  37. Ne2  f5
38. Nc1  f4  39. Ne2  Be1
40. Nc1  Bc3  41. Ne2
Ba1  42. Nc1  Bb2
43. Nb3  axb3  44. axb3
Bc3  45. Ke2  Kd4
46. Kf2  Bd2  47. g3
fxg3+  48. Kxg3  Kc3
49. h4  gxh4+  50. Kxh4
d4  51. Kg4  d3
52. f4  Bxf4  53. Kxf4  d2
54. Ke3  d1=Q  55. Ke4
Qd4+  56. Kf5  Qe3
57. Kf6  Kd4  58. Kf7
Kd5  59. Kf8  Ke6
60. Ke8  Qa7  0-1

[Event "MCR mladeze 2019 - H10"]
[Site "Kouty nad Desnou"]
[Date "2019.03.14"]
[Round "7"]
[White "Setina, Vaclav"]
[Black "Zelba, Lukas"]
[Result "1-0"]
[WhiteElo "1388"]
[BlackElo "1218"]
[EventDate "2019.03.09"]

1. e4  d5  2. exd5  Nf6
3. d4  Nxd5  4. c4
Nf6  5. Nc3  e5
6. d5  c6  7. Bg5  Bc5
8. Bxf6  Qxf6  9. Ne4
Bb4+  10. Nd2  cxd5
11. cxd5  O-O  12. a3
Bxd2+  13. Qxd2  Rd8
14. Bc4  b5  15. Bb3
Bb7  16. Ne2  Nc6
17. Nc3  Nd4  18. Ba2
a5  19. O-O  b4
20. axb4  axb4  21. Ne4  Qg6
22. Ng3  b3  23. Bb1
Qb6  24. Be4  Ra2
25. Rab1  Bxd5  26. Bxd5
Rxd5  27. Qe3  Qe6
28. f4  exf4  29. Qxf4
h6  30. Qe4  Qxe4
31. Nxe4  Re5  32. Nc3
Ne2+  33. Nxe2  Rxe2
34. Rf2  Raxb2  35. Rxb2
1-0

[Event "MCR mladeze 2019 - H10"]
[Site "Kouty nad Desnou"]
[Date "2019.03.14"]
[Round "7"]
[White "Finek, Vaclav"]
[Black "Garabik, Marek"]
[Result "1-0"]
[WhiteElo "1903"]
[BlackElo "1355"]
[EventDate "2019.03.09"]

1. d4  d5  2. c4  e6
3. Nc3  f5  4. Bf4
Bd6  5. Bxd6  cxd6
6. cxd5  exd5  7. Nxd5
Nf6  8. Nxf6+  Qxf6
9. Nf3  O-O  10. e3
Be6  11. Bd3  Nc6
12. O-O  f4  13. exf4
Qxf4  14. d5  Bxd5
15. Bxh7+  Kxh7  16. Qxd5
Qg4  17. h3  Qg6
18. Qg5  Rf6  19. Qxg6+
Rxg6  20. Rfe1  Rf8
21. Kh2  Ne5  22. Nxe5
dxe5  23. f3  Rb6
24. b3  Rc6  25. Rac1
Rd6  26. Rc2  Rd5
27. Re4  Rf5  28. Rec4
Ra5  29. Rc7  b6
30. Re7  a6  31. a4
b5  32. Rc5  Rf4
33. Rexe5  Rb4  34. Re3
1-0

[Event "MCR mladeze 2019 - H10"]
[Site "Kouty nad Desnou"]
[Date "2019.03.14"]
[Round "7"]
[White "Langmaier, Michal"]
[Black "Juhanak, Daniel"]
[Result "0-1"]
[WhiteElo "1128"]
[BlackElo "1586"]
[EventDate "2019.03.09"]

1. b3  d5  2. Bb2  c5
3. e3  Nf6  4. Nf3
g6  5. c4  Bg7
6. cxd5  O-O  7. Bc4  a6
8. O-O  b5  9. Be2
Bb7  10. d4  Nxd5
11. h3  Nc6  12. Qd2
cxd4  13. Nxd4  Nxd4
14. Bxd4  Nf4  15. Rd1
Bxd4  16. Qxd4  Nxe2+
0-1

[Event "MCR mladeze 2019 - H10"]
[Site "Kouty nad Desnou"]
[Date "2019.03.14"]
[Round "7"]
[White "Jasso, Matej"]
[Black "Babula, Matej"]
[Result "1-0"]
[WhiteElo "1343"]
[BlackElo "1188"]
[EventDate "2019.03.09"]

1. e4  e5  2. Nf3  Nc6
3. Bb5  a6  4. Ba4
d6  5. O-O  Bd7
6. c3  g6  7. Re1  Bg7
8. d3  Nge7  9. Be3
O-O  10. Bc2  Kh8
11. Qd2  f5  12. Bh6
fxe4  13. Bxg7+  Kxg7
14. Rxe4  Nf5  15. Na3
b5  16. Bb3  Na5
17. Bc2  Nc6  18. b4
Be6  19. Ng5  Bd5
20. Bb3  Bxb3  21. axb3
Qf6  22. Nc2  Nd8
23. c4  Ne6  24. Nxe6+
Qxe6  25. Ne3  Nxe3
26. Rxe3  Qd7  27. Rh3
bxc4  28. bxc4  Qf7
29. Qh6+  Kg8  30. Rf3
Qg7  31. Rxf8+  Qxf8
32. Qe3  Qf4  33. Qxf4
exf4  34. Ra5  Rb8
35. Rxa6  Rxb4  36. Kf1
Rb8  37. Ra7  c5
38. Ke2  Rd8  39. Kf3
d5  40. Rc7  dxc4
41. dxc4  Rd3+  42. Ke2
Rc3  43. Rxc5  Kg7
44. Kd2  Ra3  45. Rc7+
Kh6  46. c5  f3
47. g3  Ra2+  48. Ke3  Ra3+
49. Kf4  g5+  50. Kf5
Ra2  51. h4  gxh4
52. g4  Rxf2  53. g5+
Kh5  54. Rxh7#  1-0

[Event "MCR mladeze 2019 - H10"]
[Site "Kouty nad Desnou"]
[Date "2019.03.14"]
[Round "7"]
[White "Siles, Jan"]
[Black "Hobza, Richard"]
[Result "1-0"]
[WhiteElo "1241"]
[BlackElo "1116"]
[EventDate "2019.03.09"]

1. e4  c5  2. c3  d6
3. d4  cxd4  4. cxd4
Nf6  5. Nc3  e6
6. Nf3  Nc6  7. Bb5  Bd7
8. O-O  Be7  9. Re1
O-O  10. Be3  a6
11. Ba4  Qc7  12. d5
exd5  13. exd5  Nb8
14. Bf4  Bxa4  15. Qxa4
Re8  16. Bg5  Nbd7
17. Bxf6  Bxf6  18. Ne4
h6  19. Rac1  Qd8
20. Qb4  Qb8  21. Nxf6+
Nxf6  22. Rxe8+  Nxe8
23. h3  Nf6  24. Rd1
b5  25. Nh4  Qb6
26. Nf5  Rd8  27. Qf4
Ne8 28. Qg3 Kh7  29. Qh4  Nf6
30. Re1  Rd7  31. a3
Qc5  32. Rd1  Nxd5
33. Nxg7  Qc6  34. Qe4+
Kxg7  35. Qxd5  Qxd5
36. Rxd5  f6  37. f4
Kg6  38. g4  Rd8
39. Kf2  Kf7  40. Kf3
Ke6  41. Ke4  Rc8
42. b4  Rc3  43. Rd3
Rxd3  44. Kxd3  Kd5
45. h4  Ke6  46. Kd4
Ke7  47. Kd5  Kd7
48. g5  hxg5  49. hxg5
1-0

[Event "MCR mladeze 2019 - H12"]
[Site "Kouty nad Desnou"]
[Date "2019.03.14"]
[Round "7"]
[White "Janous, Marek"]
[Black "Werner, Hong Quan Dan"]
[Result "1-0"]
[WhiteElo "1663"]
[BlackElo "1723"]
[EventDate "2019.03.09"]

1. e4  g6  2. d4  Bg7
3. Nc3  d6  4. f4
Nd7  5. Nf3  a6
6. Bd3  Nh6  7. h3  e6
8. O-O  O-O  9. Be3
b6  10. Qd2  f5
11. e5  d5  12. Ne2  c5
13. c4  Qe7  14. dxc5
bxc5  15. cxd5  exd5
16. Bf2  Nb6  17. Qa5
Nd7  18. Rac1  d4
19. Bh4  Qe8  20. Bc4+
Kh8  21. Qc7  Rb8
22. e6  d3  23. exd7
Bxd7  24. Nc3  d2
25. Nxd2  Qe3+  26. Bf2
Qxd2  27. Rfd1  Qxb2
28. Rb1  Rfc8  29. Rxb2
Kg8 1-0

[Event "MCR mladeze 2019 - H12"]
[Site "Kouty nad Desnou"]
[Date "2019.03.14"]
[Round "7"]
[White "Lang, Simon"]
[Black "Paseka, Matyas"]
[Result "1-0"]
[WhiteElo "1448"]
[BlackElo "1929"]
[EventDate "2019.03.09"]

1. d4  d5  2. c4  e6
3. Nf3  c5  4. cxd5
exd5  5. Nc3  Nc6
6. g3  c4  7. Bg2
Bb4  8. Bd2  Nge7
9. O-O  O-O  10. b3
Qa5  11. Qc2  Bf5
12. Qc1  b5  13. a3
Bxc3  14. Bxc3  Qb6
15. Nh4  Be4  16. Bxe4
dxe4  17. bxc4  bxc4
18. Rb1  Qc7  19. Rd1
Nd5  20. Nf5  f6
21. Ne3  Nce7  22. Rb5
Qc6  23. Rc5  Qe6
24. Nxc4  Rac8  25. Bb4
Nc6  26. Ne3  Ncxb4
27. axb4  Nxb4  28. d5
Qd7  29. d6  Kh8
30. Rc7  Qd8  31. Rxc8
Qxc8  32. Qc7  g6
33. Nd5  Nxd5  34. Rxd5
a6  35. Qe7  Qe8
36. Qc7  Qd8  37. Qc5
Qd7  38. Qd4  Qe6
39. d7  Rd8  40. Rd6
Qe5  41. Qb6  Qe7
42. Qc7  Kg7  43. Kg2
a5  44. Re6  Qf8
45. Re8  1-0

[Event "MCR mladeze 2019 - H12"]
[Site "Kouty nad Desnou"]
[Date "2019.03.14"]
[Round "7"]
[White "Smolik, Jachym"]
[Black "Nemec, Jachym"]
[Result "0-1"]
[WhiteElo "1698"]
[BlackElo "1820"]
[EventDate "2019.03.09"]

1. e4  c5  2. Nf3  d6
3. d4  cxd4  4. Nxd4
Nf6  5. Nc3  a6
6. Bg5  e6  7. f4  Be7
8. Qe2  h6  9. Bh4
Nxe4  10. Qxe4  Bxh4+
11. g3  Bf6  12. O-O-O
d5  13. Qd3  Nc6
14. Nce2  Bd7  15. Kb1
Rc8  16. g4  Qc7
17. Nxc6 Bxc6  18. f5  e5
19. Bg2  Bb5  20. Qd2
Bg5  21. Qxd5  Qxc2+
22. Ka1  O-O  23. h4
Rfd8  24. Qb3  Rxd1+
25. Rxd1  Bxe2  26. Qxc2
Rxc2  27. Rh1  Rc1+
28. Rxc1  Bxc1  29. Kb1
Be3  30. Bxb7  Bxg4
31. Bxa6  Bxf5+  32. Ka1
g5  33. hxg5  hxg5
34. Bf1  Be4  35. a4
f5  36. a5  f4
37. Ka2  g4  38. b4  g3
39. Kb3  g2  40. Bxg2
Bxg2  41. b5  f3
42. b6  f2  43. b7
Bxb7  44. a6  Bxa6
0-1

[Event "MCR mladeze 2019 - H12"]
[Site "Kouty nad Desnou"]
[Date "2019.03.14"]
[Round "7"]
[White "Mohapl, Tomas"]
[Black "Hladky, Tadeas"]
[Result "1/2-1/2"]
[WhiteElo "1575"]
[BlackElo "1700"]
[EventDate "2019.03.09"]

1. e4  e5  2. Nf3  Nc6
3. d4  exd4  4. Nxd4
Bc5  5. Be3  Qf6
6. c3  Nge7  7. Bc4
O-O  8. O-O  Bb6
9. Na3  d6  10. Nac2
Qg6  11. f3  Kh8
12. Nxc6  Nxc6  13. Nd4
Ne5  14. Bb3  Bd7
15. Qe2  Rae8  16. Rae1
Be6  17. Nxe6  fxe6
18. Bxb6  axb6  19. f4
Nd7  20. Qd2  Nc5
21. Bc2  Qh6  22. b4
Nd7  23. e5  Nxe5
24. Qd4  Nc6  25. Qe4
g6  26. Ba4  Re7
27. g3  Nd8  28. Bb3
Qg7  29. Re3  Qf6 1/2-1/2

[Event "MCR mladeze 2019 - H12"]
[Site "Kouty nad Desnou"]
[Date "2019.03.14"]
[Round "7"]
[White "Fizer, Marek"]
[Black "Prazak, Daniel"]
[Result "1/2-1/2"]
[WhiteElo "1628"]
[BlackElo "1547"]
[EventDate "2019.03.09"]

1. e4  d6  2. d4  Nf6
3. Nc3  g6  4. Be3
Bg7  5. f3  c6
6. Qd2  Nbd7  7. g4  b5
8. d5  cxd5  9. Nxd5
Nxd5  10. Qxd5  Rb8
11. O-O-O  Qa5  12. Bd4
Nf6  13. Qc6+  Bd7
14. Qc3  Qxc3  15. Bxc3
O-O  16. Bb4  Bc6
17. Ne2  Rfc8  18. Nd4
Nd7  19. Nxc6  Rxc6
20. Rd5  a6  21. Be2
Nb6  22. Rdd1  Rbc8
23. c3  Nc4  24. Bxc4
Rxc4  25. a3  Ra8
1/2-1/2

[Event "MCR mladeze 2019 - H12"]
[Site "Kouty nad Desnou"]
[Date "2019.03.14"]
[Round "7"]
[White "Tajovsky, Simon"]
[Black "Matusik, Ondrej"]
[Result "1/2-1/2"]
[WhiteElo "1453"]
[BlackElo "1417"]
[EventDate "2019.03.09"]

1. d4  Nf6  2. c4  e6
3. Nc3  Bb4  4. Nf3
b6  5. g3  Bb7
6. Bg2  Bxc3+  7. bxc3  d6
8. O-O  O-O  9. Ba3
Nbd7  10. Ne1  Bxg2
11. Kxg2  Qc8  12. Nd3
Qa6  13. Qb3  Rac8
14. f3  c5  15. Rac1
Rfe8  16. Rfd1  d5
17. Nb2  Rc7  18. Kf2
cxd4  19. cxd4  Rec8
20. c5  bxc5  21. dxc5
Nxc5  22. Bxc5  Rxc5
23. Rxc5  Rxc5  24. Nd3
Rc8  25. Rb1  h6
26. Qb7  Rc6  27. Ne5
Qxb7  28. Rxb7  Ra6
29. Rb2  Ne8  30. Nd7
Rd6  31. Rb7  a6
1/2-1/2

[Event "MCR mladeze 2019 - H12"]
[Site "Kouty nad Desnou"]
[Date "2019.03.14"]
[Round "7"]
[White "Vasinek, Martin"]
[Black "Pressler, Tobias"]
[Result "0-1"]
[WhiteElo "1406"]
[BlackElo "1509"]
[EventDate "2019.03.09"]

1. d4  d5  2. c4  Nc6
3. e3  e5  4. dxe5
d4  5. exd4  Qxd4
6. Qxd4  Nxd4  7. Bd3
Bg4  8. f3  Bh5
9. Be3  O-O-O  10. Bxd4  Rxd4
11. Be2  Bb4+  12. Kf1
c6  13. Nh3  Ne7
14. g3  Bg6  15. Nf4
Rhd8  16. Nxg6  fxg6
17. a3  Ba5  18. b4
Bc7  19. f4  g5
20. fxg5  Bxe5  21. Ra2  Nf5
22. c5  Rd1+  23. Bxd1
Rxd1+  24. Kg2  Ne3+
25. Kf3  Rxh1  26. Re2
Rxb1  27. Rxe3  Bb2
28. Re8+  Kd7  29. Rh8
Ke6  30. Rxh7  Kf5
31. h4  Kg6  32. Rh8
Bxa3  33. Rf8  Rxb4
34. g4  Rb3+  35. Kf4
Bc1+  36. Ke5  Rg3
0-1

[Event "MCR mladeze 2019 - H12"]
[Site "Kouty nad Desnou"]
[Date "2019.03.14"]
[Round "7"]
[White "Brozka, Karel"]
[Black "Day, Tobias"]
[Result "1-0"]
[WhiteElo "1863"]
[BlackElo "1440"]
[EventDate "2019.03.09"]

1. d4  f5  2. Bf4  Nf6
3. e3  g6  4. Bd3
Bg7  5. c3  d6
6. h3  Nc6  7. Nf3  e6
8. Qc2  Qe7  9. Bh2
Bd7  10. Nbd2  O-O-O
11. b4  e5  12. b5
e4  13. bxc6  Bxc6
14. Be2  exf3  15. Bxf3
Ne4  16. Qb2  Rhe8
17. O-O  h5  18. Rab1
g5  19. Nxe4  Bxe4
20. Bxe4  Qxe4  21. Qb5
f4  22. d5  b6
23. Rb4  Qe7  24. Qa6+  Kb8
25. Ra4  c5  26. dxc6
g4  27. Bxf4  Qc7
28. Rd1  Be5  29. Bg5
Rc8  30. e4  gxh3
31. f4  Bxc3  32. Rxd6
Ba5  33. Rd7  1-0

[Event "MCR mladeze 2019 - H12"]
[Site "Kouty nad Desnou"]
[Date "2019.03.14"]
[Round "7"]
[White "Soucek, Jan"]
[Black "Buchta, Bartolomej"]
[Result "0-1"]
[WhiteElo "1573"]
[BlackElo "1648"]
[EventDate "2019.03.09"]

1. e4  c5  2. Nf3  d6
3. d4  cxd4  4. Nxd4
Nf6  5. Nc3  a6
6. Be3  e6  7. Be2  Qc7
8. O-O  b5  9. a3
Bb7  10. Bf3  Nbd7
11. Bg5  h6  12. Bxf6
Nxf6  13. g3  Be7
14. Bg2  O-O  15. f4
Rac8  16. Kh1  Rfd8
17. Qe2  Qb6  18. Rad1
b4  19. Na2  bxa3
20. bxa3  Qa5  21. Qe3
d5  22. e5  Ne4
23. g4  Nc3  24. Nxc3  Rxc3
25. Rd3  Rxd3  26. cxd3
Qxa3  27. f5  Bc5
28. Qf4  Bxd4  29. Qxd4
Rc8  30. g5  Rc1
31. gxh6  Rxf1+  32. Bxf1
Qc1  33. Qg1  d4+
34. Bg2  Bxg2+  35. Kxg2
Qxg1+  36. Kxg1  a5
0-1

[Event "MCR mladeze 2019 - H12"]
[Site "Kouty nad Desnou"]
[Date "2019.03.14"]
[Round "7"]
[White "Kubin, Tomas Daniel"]
[Black "Vilimek, Vit"]
[Result "1/2-1/2"]
[WhiteElo "1415"]
[BlackElo "1469"]
[EventDate "2019.03.09"]

1. e4  c5  2. Nf3  Nc6
3. d4  cxd4  4. Nxd4
Nf6  5. Nc3  e5
6. Ndb5  d6  7. Bg5  a6
8. Na3  b5  9. Nd5
Be7  10. Bxf6  Bxf6
11. c3  Bg5  12. Nc2
Rb8  13. a4  bxa4
14. Rxa4  Rxb2  15. Bxa6
Bg4  16. f3  Bd7
17. Ra1  O-O  18. O-O
Qb8  19. Bc4  Rc8
20. Qd3  Nd8  21. Ndb4
Ne6  22. Bxe6  Bxe6
23. Nd5  Qb3  24. Ncb4
Rd2  25. Rfb1  Rxd3
26. Rxb3  Bxd5  27. Nxd5
h6  28. Kf1  Kh7
29. Rb6  Rd2  30. Rxd6
Rxc3  31. Rxh6+  Bxh6
32. Nxc3  Be3  33. Ra2
Rd3  34. Nd5  Bd4
35. Ke2  Rb3  36. Rd2
Ra3  37. f4  f6
38. fxe5  Bxe5  39. h3  Kh6
40. Rd3  Ra2+  41. Kf3
Kg5  42. Ne7  Rc2
43. g4  Rh2  44. h4+
Rxh4  45. Nf5  Rh3+
46. Ke2  Rxd3  47. Kxd3
g6  48. Ne7  Bc7
49. Ke3  Bd8  50. Nc6
Bb6+  51. Kf3  Bc7
52. Ne7  Bd6  53. Nd5
Be5  54. Ne7  Kh6
55. Nd5  1/2-1/2

[Event "MCR mladeze 2019 - H12"]
[Site "Kouty nad Desnou"]
[Date "2019.03.14"]
[Round "7"]
[White "Dolensky, Filip"]
[Black "Kopecky, Matej"]
[Result "1-0"]
[WhiteElo "1698"]
[BlackElo "1321"]
[EventDate "2019.03.09"]

1. Nf3  d5  2. g3  e6
3. Bg2  Nf6  4. O-O
Be7  5. d3  O-O
6. Nbd2  Nbd7  7. Re1  c6
8. c3  Nb6  9. e4
dxe4  10. dxe4  Re8
11. Qc2  Nfd7  12. Nf1
Nf8  13. h4  h5
14. Bg5  Nh7  15. Rad1  Bd7
16. Bf4  Bf6  17. Ne5
Bxe5  18. Bxe5  f6
19. Bf4  e5  20. Qb3+
Kh8  21. Be3  Nf8
22. Rd2  Rc8  23. Red1
Qc7  24. Bxb6  axb6
25. Ne3  Be6  26. Qc2
Rcd8  27. b3  Bf7
28. Nf5  Rxd2  29. Qxd2
Ne6  30. Bf3  g6
31. Nd6  Re7  32. Qh6+
Kg8  33. Nxf7  Rxf7
34. Qxg6+  Rg7  35. Qe8+
Nf8  36. Rd8  Qf7
37. Qxf7+  Kxf7  38. Bxh5+
Ke7  39. Re8+  Kd6
40. Rxf8  1-0

[Event "MCR mladeze 2019 - H12"]
[Site "Kouty nad Desnou"]
[Date "2019.03.14"]
[Round "7"]
[White "Simunek, Jakub Simon"]
[Black "Kanak, Matyas"]
[Result "1/2-1/2"]
[WhiteElo "1529"]
[BlackElo "1425"]
[EventDate "2019.03.09"]

1. d4  d5  2. Nf3  c6
3. g3  e6  4. Bg2
Nf6  5. O-O  Be7
6. c4  Nbd7  7. cxd5
exd5  8. Nc3  O-O
9. Rb1  a5  10. a3
Re8  11. b4  axb4
12. axb4  Bd6  13. b5
Qe7  14. e3  Bb4
15. Qb3  Bd6  16. Bb2
h6  17. Ra1  Rb8
18. Ra7  Qe6  19. Rfa1
c5  20. dxc5  Nxc5
21. Qc2  Bd7  22. Nd4
Qg4  23. Nxd5  Nxd5
24. Bxd5  Rec8  25. Qd1
Qg5  26. Bg2  Bg4
27. Bf3  Bxf3  28. Qxf3 Nd3
29. Ba3  Bxa3  30. R7xa3
Ne5  31. Qf4  Qe7
32. Ra7  Qc5  33. Qe4
Rc7  34. b6  Re7
35. Qc2  Qxb6  36. Ra8
Ree8  37. Rxb8  1/2-1/2

[Event "MCR mladeze 2019 - H14"]
[Site "Kouty nad Desnou"]
[Date "2019.03.14"]
[Round "7"]
[White "Neumann, Filip"]
[Black "Stalmach, Richard"]
[Result "1-0"]
[WhiteElo "1897"]
[BlackElo "2117"]
[EventDate "2019.03.09"]

1. e4  d6  2. d4  Nf6
3. Nc3  g6  4. Be3
a6  5. f3  b5
6. Qd2  Nbd7  7. Nh3  Nb6
8. Bd3  Bb7  9. Nf2
Nfd7  10. Ne2  e6
11. c3  Qe7  12. Nc1
c5  13. Be2  Bg7
14. Nb3  Rc8  15. O-O
O-O  16. Rad1  c4
17. Nc1  f5  18. Bg5
Qf7  19. Bf4  e5
20. dxe5  dxe5  21. Be3
f4  22. Bxb6  Nxb6
23. Qc2  Rfd8  24. Rd2
Rxd2  25. Qxd2  Bf6
26. Ng4  Rd8  27. Qxd8+
Bxd8  28. Nh6+  Kg7
29. Nxf7  Kxf7  30. Rd1
Be7  31. a3  Bc5+
32. Kf1  Ke7  33. Na2
a5  34. Rb1  a4
35. Nb4  Bxb4  36. cxb4  Bc8
37. Kf2  Be6  38. g3
g5  39. Rh1  h5
40. h4  g4  41. Rg1  Nd7
42. gxf4  exf4  43. fxg4
Nf6  44. g5  Nxe4+
45. Kf3  Ng3  46. Rxg3
fxg3 47. Kxg3  Bf7  48. Kf4
Ke6  49. Bf3  Be8
50. Be4  1-0

[Event "MCR mladeze 2019 - H14"]
[Site "Kouty nad Desnou"]
[Date "2019.03.14"]
[Round "7"]
[White "Jun, Rudolf"]
[Black "Kusa, Jakub"]
[Result "1-0"]
[WhiteElo "2033"]
[BlackElo "1912"]
[EventDate "2019.03.09"]

1. e4  c5  2. Nf3  Nc6
3. c4  e5  4. d3
d6  5. Nc3  Nf6
6. Be2  Be7  7. a3  Bg4
8. Be3  Qd7  9. Rb1
O-O  10. b4  b6
11. O-O  Nd4  12. Kh1  Rab8
13. b5  Ra8  14. Bg5
Nxe2  15. Qxe2  Nh5
16. Bxe7  Nf4  17. Qe3
Qxe7  18. g3  Bxf3+
19. Qxf3  Ne6  20. Qg4
f5  21. exf5  Nd4
22. Nd5  Qd7  23. Rbe1
Kh8  24. Qe4  Qxf5
25. Qxf5  Rxf5  26. f4
Raf8  27. Kg2  g5
28. fxe5  Nf3  29. Rxf3
Rxf3  30. e6  g4
31. e7  Re8  32. Nc7
Rxe7  33. Rxe7  Rxd3
34. Nd5  Rxa3  35. Nf6
Ra2+  36. Kg1  Ra1+
37. Kf2  Ra2+  38. Ke3
Rxh2  39. Kf4  Rh6
40. Nxg4  Rg6  1-0

[Event "MCR mladeze 2019 - H14"]
[Site "Kouty nad Desnou"]
[Date "2019.03.14"]
[Round "7"]
[White "Mach, Petr"]
[Black "Hrbek, Stepan"]
[Result "1-0"]
[WhiteElo "1974"]
[BlackElo "1994"]
[EventDate "2019.03.09"]

1. e4  c5  2. Nf3  g6
3. c4  Bg7  4. d4
cxd4  5. Nxd4  Nc6
6. Be3  Nf6  7. Nc3
O-O  8. Be2  d6
9. O-O  Bd7  10. f3  Nxd4
11. Bxd4  Bc6  12. Nd5
e6  13. Nxf6+  Bxf6
14. b3  Bxd4+  15. Qxd4
Qa5  16. Rfd1  Rad8
17. a3  b6  18. b4
Qg5  19. Qd2  Qe5
20. Qd4  Qg5  21. Qd2
Qe7  22. Qe3  e5
23. a4  f5  24. a5
fxe4  25. fxe4  Qb7
26. Bf3  b5  27. a6
Qf7  28. c5  dxc5
29. Qxc5  Qc4  30. Rdc1
Qxc5+  31. Rxc5  Rf6
32. Rxe5  Rd4  33. Re7
Rf7  34. Rxf7  Kxf7
35. Rc1  Bxe4  36. Rc7+
Kg8  37. Bxe4  Rxe4
38. Rxa7  Rxb4  39. Rb7
1-0

[Event "MCR mladeze 2019 - H14"]
[Site "Kouty nad Desnou"]
[Date "2019.03.14"]
[Round "7"]
[White "Gnojek, Petr"]
[Black "Vojta, Jakub"]
[Result "1/2-1/2"]
[WhiteElo "2147"]
[BlackElo "2125"]
[EventDate "2019.03.09"]

1. d4  d5  2. c4  dxc4
3. e4  Nc6  4. Nf3
Bg4  5. d5  Bxf3
6. gxf3  Ne5  7. f4
Nd3+  8. Bxd3  cxd3
9. Qxd3  c6  10. Qb3
Qd7  11. Nc3  cxd5
12. Qxd5  Qxd5  13. Nxd5
Rc8  14. Bd2  e6
15. Ne3  Nf6  16. f3
Bc5  17. Ke2  Nh5
18. Nc4  Ke7  19. Rac1
b6  20. b4  Bd4
21. Ne5  Bb2  22. Nc6+  Kd7
23. Rb1  Rxc6  24. Rxb2
Rhc8  25. Ke3  Rc2
26. Rhb1  Nf6  27. Kd3
Rxb2  28. Rxb2  Ne8
29. b5  Nd6  30. Rb4
Nb7  31. Be3  Nc5+
32. Bxc5  Rxc5  33. Rd4+
Ke7  34. a4  Rc1
35. Rc4  Rxc4  36. Kxc4
Kd6  37. e5+  1/2-1/2